Central Library OPAC University of Rajshahi

Animal behavior / (Record no. 68833)

MARC details
000 -LEADER
fixed length control field 00674nam a2200229 a 4500
001 - CONTROL NUMBER
control field 68833
003 - CONTROL NUMBER IDENTIFIER
rucl marc code BD-RjUL
005 - DATE AND TIME OF LATEST TRANSACTION
control field 20211209081820.0
008 - FIXED-LENGTH DATA ELEMENTS--GENERAL INFORMATION
fixed length control field 170405s1963 nyua 000 0 eng
035 ## - SYSTEM CONTROL NUMBER
System control number (BD-RjUL)69044
040 ## - CATALOGING SOURCE
Original cataloging agency DLC
Transcribing agency DLC
Modifying agency BD-RjUL
Language of cataloging eng
041 ## - LANGUAGE CODE
Language code of text/sound track or separate title eng
082 00 - DEWEY DECIMAL CLASSIFICATION NUMBER
Classification number 591.51
Edition number 23
Author mark and year FOA 1968
100 1# - MAIN ENTRY--PERSONAL NAME
Personal name Scott, John Paul,
Dates associated with a name 1909-2000.
9 (RLIN) 203979
245 00 - TITLE STATEMENT
Title Animal behavior /
Statement of responsibility, etc. Harper Follansbee
260 ## - PUBLICATION, DISTRIBUTION, ETC. (IMPRINT)
Place of publication, distribution, etc. Lexington, Massacchusetts :
Name of publisher, distributor, etc. Heath,
Date of publication, distribution, etc. c1968
300 ## - PHYSICAL DESCRIPTION
Pagination 69 p. :
Illustrations ill. ;
Size 28 cm.
490 0# - SERIES STATEMENT
Series statement Laboratory blocks for biology
650 #0 - SUBJECT ADDED ENTRY--TOPICAL TERM
Topical term or geographic name as entry element Animal behavior.
9 (RLIN) 203980
830 ## - SERIES ADDED ENTRY--UNIFORM TITLE
Uniform title Laboratory blocks for biology
942 ## - ADDED ENTRY ELEMENTS (KOHA)
Source of classification or shelving scheme Dewey Decimal Classification
Koha item type Books
Holdings
Lost status Source of classification or shelving scheme Damaged status Not for loan Collection code Permanent Location Current Location Shelving location Date acquired Source of acquisition Cost, normal purchase price Total Checkouts Full call number Date last seen Copy number Koha item type
  Dewey Decimal Classification   Not For Loan Non-fiction Central Library, University of Rajshahi Central Library, University of Rajshahi Reading Room 28/01/1975 Jonathon wren and Co-london 0.95   591.51 FOA 1968 06/04/2017 C-1 Books
  Dewey Decimal Classification     Non-fiction Central Library, University of Rajshahi Central Library, University of Rajshahi   28/01/1975 Janathan Wren & Co, London. 0.95   591.51 FOA 1968 28/05/2017 C-2 Books